Paroles de l'Hymne de Poudlard (Harry Potter) - Statistiques

Statistiques générales
  • Ce quiz a été pris 28 fois
  • Le résultat moyen est 36 sur 75
Statistiques - réponses
Paroles % Correct
Pou
100%
la
92%
la
92%
Poudlard
92%
Poudlard
92%
Poudlard
92%
Lard
84%
à
80%
a
80%
de
80%
du
80%
du
80%
du
80%
nous
64%
nous
64%
nous
64%
ce
60%
en
60%
en
60%
pour
60%
les
56%
ou
56%
ou
56%
Ou
56%
Qui
56%
Apprends
52%
savoir
52%
ai
48%
faut
48%
nos
48%
nos
48%
On
48%
Que
48%
qu'il
48%
se
48%
Car
44%
c'est
44%
dans
44%
qu'on
44%
qu'on
44%
tète
44%
bien
40%
pleine
40%
avoir
36%
avoir
36%
jus
36%
Jusquà
36%
Jusqu'à
36%
l'instant
36%
migraine
36%
soit
36%
tout
36%
veut
36%
cerveaux
32%
d'âne
32%
étudier
32%
guimauve
32%
l'on
32%
mijote
32%
Oblige
32%
oublié
32%
chauve
28%
cranes
28%
crient
28%
grâce
28%
jambes
28%
jeune
28%
Répète
28%
ton
28%
vieux
28%
c'que
24%
c'qu'on
24%
Fais
20%
mieux
20%
surpasse
20%
Aucun quiz correspondant
Distribution des résultats
% des personnes avec chaque résultat
Percentile par nombre de réponses
Votre historique - résultats
Vous n’avez pas pris ce quiz